| 000 | 00545nam a2200193Ia 4500 | ||
|---|---|---|---|
| 999 |
_c8691 _d8691 |
||
| 003 | OSt | ||
| 005 | 20201008132159.0 | ||
| 008 | 190216s9999||||xx |||||||||||||| ||und|| | ||
| 020 | _a9788120314597 | ||
| 040 | _coclc | ||
| 082 |
_a005.754 _bCOM/I |
||
| 100 |
_aComer, Douglas E _95482 |
||
| 245 | 0 |
_aThe Internet Book / _cDouglas E Comer |
|
| 250 | _a2nd Ed. | ||
| 260 |
_bPrentice Hall Of India, _c2001. _aNew Delhi: |
||
| 300 | _a327p | ||
| 650 | _aComputer Science | ||
| 942 |
_cBK _2ddc _h005.754 _iCOM/I _k005.754 _mCOM/I |
||